[Event "Cto. Autonómico por Equipos 2007"]
[Site "Aragón"]
[Date "2007.02.03"]
[Round "2.8"]
[White "Barcena Francisco"]
[Black "Gomez Luesia Jesus"]
[Result "0-1"]
[WhiteElo "2181"]
[BlackElo "1991"]

1.d4 Nf6 2.Nf3 e6 3.Bf4 b6 4.e3 Bb7 5.Bd3 Be7 6.h3 O-O 7.Nbd2 d5 8.O-O Nbd7 9.
Ne5 Nxe5 10.dxe5 Ne4 11.Nf3 a5 12.Qe2 Nc5 13.Rfd1 a4 14.a3 Nxd3 15.cxd3 c5 16.
Rac1 Qd7 17.e4 dxe4 18.dxe4 Qc6 19.Bg5 Rfe8 20.Bxe7 Rxe7 21.Ng5 Rd7 22.Rxd7
Qxd7 23.Rd1 Qe7 24.Qh5 h6 25.Qxf7+ Qxf7 26.Nxf7 Bxe4 27.Nd6 Bd5 28.f4 g6 29.
Kf2 b5 30.g3 b4 31.Nb5 bxa3 32.bxa3 Rb8 33.Nc3 Rb2+ 34.Ke3 Rb3 35.Rc1 Rxa3 36.
Kd2 Bc6 37.Rc2 Rb3 38.Ne2 Bf3 39.Nc1 Rb5 40.Nd3 a3 41.Ra2 c4 42.Ne1 Rb3 43.Nc2
Rd3+ 44.Ke1 Rc3 45.Rxa3 Rxc2 46.Rxf3 c3 47.Kd1 Rh2 48.Rxc3 Rxh3 49.Ke2 g5 50.
Rc6 Kf7 51.Kf2 g4 52.Kg2 Rh5 53.Rc7+ Kg6 54.Kf2 Rh2+ 55.Kg1 Ra2 56.Rc8 Kf5 57.
Rh8 Ke4 58.Rxh6 Kf3 59.Rxe6 Kxg3 60.Kf1 Kf3 61.Ke1 g3 62.Rg6 g2 63.e6 Ra1+ 64.
Kd2 g1=Q 65.Rxg1 Rxg1 66.f5 Rg2+ 67.Kd3 Re2 68.Kd4 Kf4 69.Kd3 Re3+ 70.Kd4 Re5
0-1

[Event "Cto. Autonómico por Equipos 2007"]
[Site "Aragón"]
[Date "2007.02.03"]
[Round "2.9"]
[White "Del Rey Diego"]
[Black "Sanchez Herrera Miguel"]
[Result "1-0"]
[WhiteElo "2399"]
[BlackElo "2210"]

1.d4 f5 2.g3 Nf6 3.Bg2 e6 4.Nh3 Be7 5.O-O O-O 6.b3 d5 7.c4 c6 8.Bb2 Qe8 9.Nd2
Nbd7 10.Qc2 Bd6 11.Nf4 g5 12.Nd3 Qh5 13.c5 Bc7 14.f3 Rf7 15.Qd1 Nf8 16.e3 Qh6
17.Rc1 Ng6 18.Ne5 Rg7 19.Qe2 Bd7 20.b4 Rf8 21.Rfe1 Be8 22.Nf1 Kh8 23.Rc2 Rfg8
24.Kh1 Nd7 25.Nd3 Ne7 26.e4 fxe4 27.fxe4 Bh5 28.Qe3 Nf6 29.exd5 exd5 30.Ne5
Nf5 31.Qd3 Nd6 32.cxd6 Bxd6 33.Qd2 Ne4 34.Bxe4 dxe4 35.d5 Rf8 36.Nc4 Bf3+ 37.
Kg1 Bf4 38.Nce3 Bc7 39.Qd4 Rf7 40.dxc6 bxc6 41.Qc4 c5 42.Qxf7 1-0

[Event "Cto. Autonómico por Equipos 2007"]
[Site "Aragón"]
[Date "2007.02.03"]
[Round "2.10"]
[White "Carruez Berges Fernando"]
[Black "Fernandez Lopez Felix"]
[Result "0-1"]
[WhiteElo "2315"]
[BlackElo "2180"]

1.e4 g6 2.d4 Bg7 3.c4 d6 4.Nc3 Nc6 5.Be3 Nf6 6.f3 O-O 7.Qd2 a6 8.Nge2 Rb8 9.d5
Na5 10.Nc1 c5 11.a3 Qc7 12.Bd3 e6 13.g4 exd5 14.Nxd5 Nxd5 15.cxd5 c4 16.Qc2
Qe7 17.Be2 b5 18.h4 Nb7 19.Bd2 Qe5 20.Bc3 Qg3+ 21.Kf1 h5 22.Bxg7 Kxg7 23.Qc3+
f6 24.Qe1 Qxe1+ 25.Kxe1 hxg4 26.fxg4 Nc5 27.Bf3 Re8 28.Kf1 Nxe4 29.Rh2 Bd7 30.
Ne2 Nd2+ 31.Kf2 Nxf3 32.Kxf3 Re5 33.Nf4 Rbe8 34.g5 Re3+ 35.Kf2 Rb3 36.gxf6+
Kxf6 37.Kg1 Rf3 38.Ng2 Bg4 39.Ne1 Rf5 40.Rd2 Ree5 41.Nc2 Rxd5 42.Rg2 Bf3 43.
Rf2 Rd3 44.Nb4 Rd4 45.Rh2 Bb7 0-1

[Event "Cto. Autonómico por Equipos 2007"]
[Site "Aragón"]
[Date "2007.02.03"]
[Round "2.11"]
[White "Anglada Lobarte Jose Andres"]
[Black "Carruez Berges Santiago"]
[Result "1-0"]
[WhiteElo "2229"]
[BlackElo "2119"]

1.e4 g6 2.d4 Bg7 3.Be3 d5 4.Nc3 Nf6 5.exd5 Nxd5 6.Nxd5 Qxd5 7.Nf3 Nc6 8.c3 O-O
9.Be2 e5 10.dxe5 Qxd1+ 11.Rxd1 Nxe5 12.Nxe5 Bxe5 13.Bc4 Re8 14.O-O Bg4 15.Rde1
Be6 16.Bxe6 Rxe6 17.g3 Rae8 18.Rd1 Ra6 19.a3 Ra5 20.Rd3 Rb5 21.b4 Bf6 22.Bc5
1-0

[Event "Cto. Autonómico por Equipos 2007"]
[Site "Aragón"]
[Date "2007.02.03"]
[Round "2.12"]
[White "Fernandez Urrutia Gallo Carlos"]
[Black "Palacios Latasa Elias"]
[Result "0-1"]
[WhiteElo "2076"]
[BlackElo "2195"]

1.e4 e5 2.Nf3 Nc6 3.Bb5 Bc5 4.c3 Nf6 5.O-O O-O 6.d4 Bb6 7.d5 Ne7 8.Bd3 Ng6 9.
Nbd2 d6 10.Nc4 h6 11.h3 Nh7 12.Nxb6 axb6 13.Qc2 Qf6 14.Nh2 Nf4 15.Bxf4 Qxf4
16.Qc1 g5 17.Qxf4 gxf4 18.f3 Bd7 19.a3 Kg7 20.Kf2 Nf6 21.Rg1 Nh5 22.Rac1 Rg8
23.Rge1 Kf8 24.c4 Ke7 25.Rc2 Rg6 26.Rec1 Rag8 27.Bf1 Ng3 28.Bd3 Ba4 29.Rc3
Nxe4+ 30.fxe4 Rxg2+ 31.Ke1 Rxh2 32.Bf1 0-1

[Event "Cto. Autonómico por Equipos 2007"]
[Site "Aragón"]
[Date "2007.02.03"]
[Round "2.13"]
[White "Laliena Solares Luis"]
[Black "Lopez Gracia Fernando"]
[Result "1/2-1/2"]
[WhiteElo "2175"]
[BlackElo "2328"]

1.d4 Nf6 2.Nf3 e6 3.g3 d5 4.Bg2 Be7 5.O-O O-O 6.c4 dxc4 7.Ne5 Nc6 8.Nxc6 bxc6
9.Qa4 Qxd4 10.Rd1 Qb6 11.Bxc6 Rb8 12.e3 Qc5 13.Bg2 Qh5 14.Nd2 e5 15.Qc2 Rd8
16.Re1 Bb4 17.Qxc4 Bg4 18.Qc2 c5 19.a3 Ba5 20.b4 cxb4 21.Qa4 e4 22.Nc4 Bb6 23.
Bb2 Nd5 24.axb4 Bf3 25.Be5 Rbc8 26.Rac1 Bxg2 27.Kxg2 Rxc4 28.Rxc4 Qxe5 29.Qc2
Re8 30.Rd1 h5 31.Rc8 Rxc8 32.Qxc8+ Kh7 33.Qc4 Nf6 34.Qxf7 Qf5 35.Rd2 h4 36.Qc4
Qf3+ 37.Kg1 Qf5 38.Kg2 Ng4 39.Qe2 Ne5 40.Rd5 h3+ 41.Kf1 g6 42.Qb2 Bc7 43.Qc3
Qf7 44.Rxe5 Bxe5 45.Qxe5 Qc4+ 46.Ke1 Qxb4+ 47.Ke2 a5 48.Qf6 Qb5+ 49.Ke1 Qb4+
50.Ke2 Qc4+ 51.Ke1 Qc1+ 52.Ke2 Qc2+ 53.Ke1 Qb1+ 54.Ke2 Qd3+ 55.Ke1 Qd5 56.Qe7+
Kg8 1/2-1/2

[Event "Cto. Autonómico por Equipos 2007"]
[Site "Aragón"]
[Date "2007.02.03"]
[Round "2.14"]
[White "Gomez Anadon Daniel"]
[Black "Latorre Abad Fernando"]
[Result "1-0"]
[WhiteElo "2280"]
[BlackElo "2065"]

1.Nf3 Nf6 2.c4 d6 3.g3 g6 4.Bg2 Bg7 5.O-O O-O 6.Nc3 e5 7.d3 Nc6 8.Rb1 Nh5 9.b4
h6 10.b5 Ne7 11.Ba3 f5 12.Nd2 Nf6 13.Qb3 Kh8 14.c5 d5 15.c6 e4 16.dxe4 dxe4
17.Rfd1 Qe8 18.cxb7 Bxb7 19.Nc4 Nfd5 20.Na4 a6 21.b6 Bc6 22.Nc5 cxb6 23.Nd6
Qb8 24.Ne6 Nc3 25.Nxg7 Nxd1 26.Qxd1 Kxg7 27.Qd4+ Kh7 28.Rxb6 Qc7 29.Rb1 Qd7
30.Qe5 Nc8 31.Nc4 Qd5 32.Qc3 Rd8 33.Bb2 Ra7 34.Ne5 Bb5 35.h4 h5 36.Qe3 Re8 37.
Rc1 Rae7 38.f4 Nb6 39.Qxb6 Re6 40.Rc7+ 1-0

[Event "Cto. Autonómico por Equipos 2007"]
[Site "Aragón"]
[Date "2007.02.03"]
[Round "2.15"]
[White "Cobo Israel"]
[Black "Campos Hernandez Antonio"]
[Result "1-0"]
[WhiteElo "1969"]
[BlackElo "2263"]

1.e4 c5 2.Nf3 Nc6 3.d4 cxd4 4.Nxd4 Nf6 5.Nc3 e5 6.Ndb5 d6 7.Bg5 a6 8.Na3 b5 9.
Bxf6 gxf6 10.Nd5 Bg7 11.Bd3 Ne7 12.Nxe7 Qxe7 13.c3 f5 14.O-O d5 15.exf5 e4 16.
Qg4 Qf6 17.Bxe4 O-O 18.Bd3 b4 19.Qxb4 Bxf5 20.Bxf5 Qxf5 21.Qa5 Rab8 22.Rab1
Qe6 23.Nc2 Rb5 24.Qa4 Rfb8 25.Nd4 Qe4 26.Rbe1 Qg4 27.b3 Bxd4 28.cxd4 R8b6 29.
Re3 Rg6 30.Rg3 Qe6 31.Rxg6+ hxg6 32.Qa3 Rb8 33.Qc1 Rc8 34.Qe3 Rc2 35.a4 Qc6
36.Re1 Rc3 37.Qe8+ Qxe8 38.Rxe8+ Kg7 39.Kf1 Rxb3 40.Ra8 Rb6 41.a5 Rb4 42.Rxa6
Rxd4 43.Ke2 Ra4 44.Ra8 Kf6 45.a6 Ke5 46.a7 Kd4 47.h4 f5 48.Kf3 Ra2 49.Kg3 Ra4
50.f3 Kd3 51.Rd8 Rxa7 52.Rxd5+ Ke3 53.Re5+ Kd4 54.Re8 Ra2 55.Re6 f4+ 56.Kh3
Kd5 57.Re4 Rb2 58.Rxf4 Ke5 59.Rf8 Ke6 60.g3 Rb4 61.g4 Ke7 62.Ra8 Kf6 63.Kg3
Rc4 64.Ra6+ Kf7 65.Ra5 Rb4 66.Re5 Kf6 67.Re4 Rb1 68.Kf4 Rh1 69.Ra4 Rb1 70.Ra6+
Kf7 71.Ra7+ Kf6 72.g5+ Ke6 73.Rg7 Rb4+ 74.Kg3 Kf5 75.Rf7+ Ke5 76.Rf6 Rb1 77.
f4+ Ke4 78.Re6+ 1-0

[Event "Cto. Autonómico por Equipos 2007"]
[Site "Aragón"]
[Date "2007.02.03"]
[Round "2.16"]
[White "Moreno Gracia Daniel"]
[Black "Gayan Miguel Angel"]
[Result "1-0"]
[WhiteElo "2122"]
[BlackElo "1917"]

1.c4 e6 2.Nc3 d5 3.cxd5 exd5 4.d4 Nf6 5.Bg5 Be7 6.e3 c6 7.Qc2 O-O 8.Bd3 Nbd7
9.Nf3 Re8 10.h3 Nf8 11.Bf4 Ng6 12.Bh2 Bd6 13.O-O-O Qe7 14.Bxd6 Qxd6 15.g4 Qe7
16.Nd2 Nf8 17.Kb1 g6 18.Rde1 Bd7 19.f3 Qd6 20.h4 h5 21.gxh5 Nxh5 22.f4 Qf6 23.
Nf3 Ng7 24.Ne5 Bf5 25.h5 Bxd3 26.Qxd3 Qf5 27.e4 dxe4 28.Nxe4 Nxh5 29.Qc2 Rad8
30.Qg2 Nxf4 31.Qh2 Nh5 32.Rhf1 Qc8 33.Nxf7 Rd7 34.Nfd6 {Tiempo} 1-0

[Event "Cto. Autonómico por Equipos 2007"]
[Site "Aragón"]
[Date "2007.02.03"]
[Round "2.17"]
[White "Portero Garnica Miguel Angel"]
[Black "Hernando Garcia Antonio"]
[Result "0-1"]
[WhiteElo "2175"]
[BlackElo "2209"]

1.e4 d5 2.exd5 Qxd5 3.Nc3 Qd8 4.d4 c6 5.Bc4 Nf6 6.Nf3 Bf5 7.Ne5 e6 8.g4 Be4 9.
Nxe4 Nxe4 10.Qf3 Nd6 11.Bb3 Nd7 12.Be3 Nxe5 13.dxe5 Qa5+ 14.c3 Qxe5 15.O-O-O
h5 16.Rhg1 hxg4 17.Rxg4 Nf5 18.Re4 Qf6 19.Bf4 Be7 20.Rg1 Nd6 21.Re3 O-O-O 22.
Bc2 Rh4 23.Be5 Qxf3 24.Rxf3 Bf6 25.Bxf6 gxf6 26.Rxf6 Rxh2 27.Rd1 Rhh8 28.b3
Kc7 29.c4 c5 30.Rd3 Rdf8 31.Re3 Kd7 32.Be4 Ke7 33.Rf4 Nxe4 34.Rfxe4 Rh1+ 35.
Kc2 Rd8 36.a3 Rhd1 37.Re2 R1d3 38.Re5 b6 39.f4 Kf6 40.b4 Rxa3 41.Kb2 cxb4 42.
c5 bxc5 43.Rxc5 Rdd3 44.f5 Rdb3+ 45.Kc2 Rc3+ 46.Rxc3 Rxc3+ 47.Kb2 Kxf5 0-1

[Event "Cto. Autonómico por Equipos 2007"]
[Site "Aragón"]
[Date "2007.02.03"]
[Round "2.18"]
[White "Chueca Forcen Alberto"]
[Black "Jario Garcia Ricardo Javier"]
[Result "1-0"]
[WhiteElo "2110"]
[BlackElo "2161"]

1.d4 e6 2.c4 Nf6 3.Nc3 d5 4.cxd5 exd5 5.Bg5 Nbd7 6.e3 Bb4 7.Bd3 c5 8.Ne2 c4 9.
Bc2 O-O 10.O-O Qa5 11.a3 Bd6 12.Bf4 Qa6 13.Bxd6 Qxd6 14.Ng3 Rd8 15.Nf5 Qf8 16.
Qf3 Nb6 17.h3 Bxf5 18.Qxf5 Qd6 19.Ne2 Nc8 20.Rfd1 Rb8 21.Nf4 h6 22.g4 Ne7 23.
Qe5 Nc6 24.Qxd6 Rxd6 25.Kg2 b5 26.Rdb1 a5 27.b4 axb4 28.axb4 Rdd8 29.Ra6 Rdc8
30.Bf5 Rc7 31.Ne2 g6 32.Bc2 Rcc8 33.Nc3 Kg7 34.Bd1 Ra8 35.Rxa8 Rxa8 36.Bf3 Ra3
37.Nxd5 Nxd5 38.Bxd5 Ne7 39.Be4 f5 40.gxf5 gxf5 41.Bf3 Rb3 42.Ra1 c3 43.Ra7
Kf6 44.Rc7 Rxb4 45.Rxc3 Ke6 46.Ra3 Ra4 47.Rb3 b4 48.Be2 Nd5 49.Bc4 Kd6 50.Kf3
Kc6 51.Rb2 1-0

[Event "Cto. Autonómico por Equipos 2007"]
[Site "Aragón"]
[Date "2007.02.03"]
[Round "2.19"]
[White "Fabre Perez Jose Maria"]
[Black "Sarto Ramos Angel"]
[Result "1-0"]
[WhiteElo "2089"]
[BlackElo "2096"]

1.e4 g6 2.d4 c6 3.Nc3 d5 4.Be3 Nf6 5.Bd3 Bg7 6.Nf3 dxe4 7.Nxe4 Nxe4 8.Bxe4 Nd7
9.Qd2 Nf6 10.Bd3 O-O 11.h3 Nd5 12.Bh6 a5 13.h4 f5 14.h5 f4 15.hxg6 hxg6 16.
O-O-O Bf5 17.Bxf5 Rxf5 18.g4 fxg3 19.Bxg7 Rxf3 20.Rh8+ Kxg7 21.Qh6+ Kf7 22.
Qh7+ Kf6 23.Rxd8 Rxd8 24.fxg3 Ne3 25.Qh4+ Kf7 26.Qh7+ Kf6 27.Re1 Nf5 28.g4 Ng7
29.Qh4+ g5 30.Qh6+ Kf7 31.Qxg5 Rf6 32.Qe5 Re6 33.Rf1+ Kg8 34.Qc7 Rxd4 35.Qc8+
Kh7 36.Qxb7 Rxg4 37.Qb3 a4 38.Qh3+ 1-0

[Event "Cto. Autonómico por Equipos 2007"]
[Site "Aragón"]
[Date "2007.02.03"]
[Round "2.20"]
[White "Sanmartin Agustin Borja"]
[Black "Ruiperez Ramon"]
[Result "1-0"]
[WhiteElo "2082"]
[BlackElo "1625"]

1.e4 g6 2.d4 Bg7 3.Nc3 Nh6 4.Be3 f6 5.f3 Nf7 6.Qd2 O-O 7.g4 e5 8.Bc4 exd4 9.
Bxd4 Nc6 10.Be3 Ne5 11.Bb3 Kh8 12.O-O-O a5 13.h4 a4 14.Nxa4 Rxa4 15.Bxa4 Nc4
16.Qd3 Nxe3 17.Qxe3 Bh6 18.f4 b5 19.Bb3 Nd6 20.g5 Bg7 21.h5 gxh5 22.gxf6 Bh6
23.e5 Nf5 24.Qd3 Bxf4+ 25.Kb1 d6 26.Rxh5 Bxe5 27.Rxf5 Bxf5 28.Qxf5 Qxf6 29.
Qxf6+ Rxf6 30.Bd5 Bg3 31.Nf3 h5 32.Rh1 Rf5 33.Be4 Rc5 34.b4 Rc4 35.Rxh5+ Kg7
36.Rg5+ Kf8 37.c3 Rxe4 38.Rxg3 c5 39.Nd2 Re1+ 40.Kc2 Ra1 41.Kb2 Re1 42.bxc5
dxc5 43.Rg5 Re2 44.Kc2 b4 45.c4 Re3 46.Rxc5 Ke7 47.Rb5 Ra3 48.Kb2 1-0

[Event "Cto. Autonómico por Equipos 2007"]
[Site "Aragón"]
[Date "2007.02.03"]
[Round "2.29"]
[White "Colas Longares Rafael P"]
[Black "Horton Justin"]
[Result "1-0"]
[WhiteElo "2346"]
[BlackElo "2140"]

1.e4 e5 2.Nf3 Nc6 3.Bb5 a6 4.Ba4 Nf6 5.O-O Be7 6.Bxc6 dxc6 7.d3 Nd7 8.Nbd2 Bd6
9.Nc4 Qe7 10.b3 O-O 11.Bb2 f6 12.Re1 Rd8 13.d4 exd4 14.Nxd6 cxd6 15.Nxd4 Nc5
16.c4 a5 17.Re3 Qf7 18.Qe2 a4 19.b4 Ne6 20.Nf5 Nf4 21.Qg4 Ng6 22.Rg3 Bxf5 23.
Qxf5 Qxc4 24.h4 Rf8 25.h5 Ne5 26.f4 Qxb4 27.Bc3 Qc5+ 28.Kh1 Nc4 29.Qg4 Rf7 30.
Bxf6 Ne3 31.Qh4 Raf8 32.Rg5 Nxg2 33.Qg3 Rxf6 34.Rxc5 dxc5 35.f5 Kh8 36.Kxg2 g6
1-0

[Event "Cto. Autonómico por Equipos 2007"]
[Site "Aragón"]
[Date "2007.02.03"]
[Round "2.30"]
[White "Gonzalez Gambau Jorge"]
[Black "Ferrer Serrano Roberto"]
[Result "1-0"]
[WhiteElo "2020"]
[BlackElo "2216"]

1.e4 c5 2.Nc3 Nc6 3.g3 g6 4.Bg2 Bg7 5.d3 e6 6.Be3 d6 7.Qd2 Nge7 8.Nf3 Nd4 9.
O-O O-O 10.Bh6 Bd7 11.Bxg7 Kxg7 12.Nd1 Bc6 13.Nh4 e5 14.Ne3 d5 15.Ng4 Qd6 16.
c3 f5 17.Qh6+ Kg8 18.cxd4 fxg4 19.dxc5 Qxc5 20.Qg5 dxe4 21.Bxe4 Bd7 22.d4 Qd6
23.dxe5 Qe6 24.Rad1 Bb5 25.Rd6 Qf7 26.e6 1-0

[Event "Cto. Autonómico por Equipos 2007"]
[Site "Aragón"]
[Date "2007.02.03"]
[Round "2.31"]
[White "Garcia Vicente Nieves"]
[Black "Yanez Acin Gonzalo"]
[Result "1-0"]
[WhiteElo "2207"]
[BlackElo "1982"]

1.d4 Nf6 2.c4 e5 3.dxe5 Ng4 4.Bf4 Nc6 5.Nf3 Bb4+ 6.Nbd2 Qe7 7.e3 Ngxe5 8.Nxe5
Nxe5 9.Be2 O-O 10.O-O Bxd2 11.Qxd2 d6 12.Rfd1 b6 13.b4 Bb7 14.Qc3 a5 15.c5
axb4 16.cxd6 cxd6 17.Qxb4 Ba6 18.Bxa6 Rxa6 19.Qxd6 Qxd6 20.Rxd6 Ng6 21.Bg3
Rfa8 22.Rd2 h5 23.h3 Nf8 24.Bd6 Ne6 25.Rc2 Ra4 26.a3 g6 27.Rb1 R4a6 28.Rc6 b5
29.Rbc1 Kh7 30.Bb4 Rxc6 31.Rxc6 Rb8 32.Kf1 Rb7 33.Ke2 Nc7 34.Rd6 Ne6 35.Rd5
Kg7 36.Kd2 Kf6 37.h4 Nf8 38.Bxf8 1-0

[Event "Cto. Autonómico por Equipos 2007"]
[Site "Aragón"]
[Date "2007.02.03"]
[Round "2.32"]
[White "Perez Puyal Jose J"]
[Black "Cabrera Moreno Daniel"]
[Result "0-1"]
[WhiteElo "1886"]
[BlackElo "2170"]

1.e4 e5 2.d4 exd4 3.Qxd4 Nc6 4.Qe3 g6 5.Bd2 Bg7 6.Nc3 Nf6 7.O-O-O O-O 8.f3 Re8
9.Qg5 Re5 10.Qh4 Qf8 11.Bc4 d6 12.Nge2 Na5 13.Nd5 Nxc4 14.Nxf6+ Bxf6 15.Qxf6
Nxd2 16.Rxd2 Qe7 17.Qxe7 Rxe7 18.Nf4 Be6 19.Nxe6 Rxe6 20.Rhd1 Rae8 21.Rd5 Re5
22.c4 Kg7 23.Kc2 Rxd5 24.Rxd5 Kf6 25.Kc3 Re5 26.Kd3 h5 27.f4 Re7 28.Rb5 c6 29.
Ra5 b6 30.Rg5 Ke6 31.e5 Rd7 32.Kc3 d5 33.cxd5+ Rxd5 34.Rg3 Kf5 35.Rf3 Ke4 36.
a3 Rd1 37.Kc2 Rh1 38.h3 h4 39.Kd2 Rb1 40.Kc2 Rg1 41.Rf2 Re1 42.Kd2 Re3 43.Kc2
Rg3 44.Rd2 Kxf4 45.Rd7 Rxg2+ 46.Kb1 Kxe5 47.Rxf7 a5 48.Rh7 g5 49.Rh6 Kd5 50.
Rg6 a4 51.Rg8 b5 52.Rd8+ Kc4 53.Re8 Rg3 54.Re5 Kb3 55.Kc1 Rg1+ 56.Kd2 Kxb2 0-1

[Event "Cto. Autonómico por Equipos 2007"]
[Site "Aragón"]
[Date "2007.02.03"]
[Round "2.37"]
[White "Leon Fernandez Mario"]
[Black "Baron Rodriguez Jesus"]
[Result "1/2-1/2"]
[WhiteElo "2064"]
[BlackElo "2422"]

1.d4 d5 2.c4 e6 3.Nf3 c6 4.Qc2 Nf6 5.g3 dxc4 6.Qxc4 b5 7.Qc2 Bb7 8.Bg2 Nbd7 9.
Nc3 a6 10.Be3 Rc8 11.Rd1 c5 12.dxc5 Bxc5 13.Bxc5 Rxc5 14.Qb3 O-O 15.O-O Qa8
16.Ne1 Rc4 17.Bxb7 Qxb7 18.Nd3 e5 19.Rd2 Rfc8 20.a3 h5 21.h4 Rg4 22.Nb4 Rcc4
23.Nbd5 Nc5 24.Qd1 Nfe4 25.Nxe4 Nxe4 26.Rd3 Nc5 27.Rd2 Rgd4 28.Ne3 Rxd2 29.
Qxd2 Rd4 30.Qc2 Ne4 31.Rd1 Rxd1+ 32.Qxd1 Qb6 33.Qd3 Nf6 34.Nd5 Qd6 35.Nxf6+
Qxf6 36.Qd5 g6 37.e3 Kg7 38.Kg2 e4 39.Qb3 Qe5 40.Kf1 Qc5 41.Kg2 a5 42.Qd1 a4
43.Qd2 Qc4 44.Qd1 Qc5 45.Qd2 Kf6 46.Qd8+ Kg7 47.Qd2 Qe5 48.Qc2 Kf6 49.Qc6+ Kg7
50.Qc2 f6 51.Qd2 g5 52.hxg5 fxg5 53.Qd7+ Kf6 54.Qc6+ Ke7 55.Qc2 Qd5 56.Qc7+
Kf6 57.Qc3+ Kg6 58.Qh8 Qe6 59.Kg1 Qf7 60.Qe5 Qc4 61.Kg2 Qc6 62.Kg1 Kh6 63.Qh8+
Kg6 64.Qe5 Kh6 65.Qh8+ Kg6 66.Qe5 1/2-1/2

[Event "Cto. Autonómico por Equipos 2007"]
[Site "Aragón"]
[Date "2007.02.03"]
[Round "2.38"]
[White "Antoli Royo Joaquin Miguel"]
[Black "Quintin Navarro Alberto"]
[Result "1-0"]
[WhiteElo "2304"]
[BlackElo "1907"]

1.d4 Nf6 2.Nf3 g6 3.Bf4 Bg7 4.e3 O-O 5.Be2 c5 6.c3 b6 7.O-O Bb7 8.h3 d6 9.Bh2
Nbd7 10.a4 Ne4 11.a5 bxa5 12.Nbd2 Nxd2 13.Nxd2 Qc7 14.Nc4 Ba6 15.Nxa5 Bxe2 16.
Qxe2 Rfc8 17.Ra2 Qb6 18.Rfa1 d5 19.Ra3 Re8 20.Rb3 Qe6 21.Qb5 cxd4 22.exd4 Rec8
23.Qf1 Nb6 24.Rb5 Qd7 25.Qe2 e6 26.Nb3 Nc4 27.Rb4 Bf8 28.Rba4 Bd6 29.Bxd6 Qxd6
30.Nc5 Rc7 31.b3 Nb6 32.Ra6 Qd8 33.Qb5 Nd7 34.Rd6 Qb8 35.Qxb8+ Nxb8 36.Rd8+
Kg7 37.b4 Kf6 38.b5 Ke7 39.Rh8 1-0

[Event "Cto. Autonómico por Equipos 2007"]
[Site "Aragón"]
[Date "2007.02.03"]
[Round "2.39"]
[White "Pellicer Abella Emilio"]
[Black "Aguirre Izaguirre Pedro Jose"]
[Result "0-1"]
[WhiteElo "1842"]
[BlackElo "2264"]

1.Nf3 g6 2.e4 Bg7 3.Nc3 d6 4.Bc4 c6 5.Bb3 Nf6 6.d3 O-O 7.h3 Nbd7 8.O-O b5 9.
Bg5 Nc5 10.Qd2 a5 11.a3 Rb8 12.Ba2 b4 13.axb4 axb4 14.Nd1 Ba6 15.Nd4 Qc8 16.f3
e5 17.Nb3 Ne6 18.Be3 d5 19.Nc5 Nxc5 20.Bxc5 Rd8 21.Re1 Nh5 22.Bxb4 Nf4 23.Be7
Rd7 24.Bg5 Ne6 25.Be3 Rd8 26.Bb3 d4 27.Bxe6 dxe3 28.Qxe3 fxe6 29.c3 Rxd3 0-1

[Event "Cto. Autonómico por Equipos 2007"]
[Site "Aragón"]
[Date "2007.02.03"]
[Round "2.40"]
[White "Glaria Murillo Christian"]
[Black "Arregui Unotria Carlos"]
[Result "1-0"]
[WhiteElo "2202"]
[BlackElo "1827"]

1.e4 e5 2.Nf3 Nc6 3.Bb5 a6 4.Ba4 Nf6 5.d3 b5 6.Bb3 d6 7.h3 Be7 8.O-O O-O 9.Re1
Na5 10.Nc3 Nxb3 11.axb3 Bb7 12.Bg5 Nd7 13.Bxe7 Qxe7 14.Nd5 Bxd5 15.exd5 Nb6
16.c4 f5 17.Qd2 h6 18.Nd4 Qh4 19.Nc6 e4 20.dxe4 bxc4 21.exf5 Kh7 22.Ne7 Rf7
23.Ng6 Qh5 24.bxc4 Nxc4 25.Qc2 Qxf5 26.Qxc4 Qxf2+ 27.Kh1 Kxg6 28.Rf1 1-0

[Event "Cto. Autonómico por Equipos 2007"]
[Site "Aragón"]
[Date "2007.02.03"]
[Round "2.45"]
[White "Glavina Rossi Pablo"]
[Black "Gracia Suarez Jesus"]
[Result "1-0"]
[WhiteElo "2452"]
[BlackElo "2129"]

1.e4 c5 2.c3 d6 3.d4 Nf6 4.Bd3 e5 5.Nf3 Nc6 6.d5 Ne7 7.a4 c4 8.Bc2 Bg4 9.h3
Bh5 10.Qe2 Rc8 11.Na3 Qc7 12.g4 Bg6 13.Nd2 Nexd5 14.exd5 Bxc2 15.Nxc2 Nxd5 16.
Ne3 Nxe3 17.Qxe3 Be7 18.O-O O-O 19.Qe4 Qc5 20.Nf3 g6 21.Be3 f5 22.gxf5 gxf5
23.Qxb7 Qc7 24.Qxc7 Rxc7 25.Rad1 f4 26.Bc1 Rc6 27.Rd5 Ra6 28.a5 Kf7 29.Rfd1
Ke6 30.Rb5 Rf7 31.Kf1 Bf6 32.Bxf4 exf4 33.Re1+ Be5 34.Nxe5 dxe5 35.Rexe5+ Kd7
36.Rec5 f3 37.Rxc4 Rd6 38.Rb7+ Kd8 39.Rb8+ Kd7 40.Re4 Rf4 41.Rbe8 Rd1+ 42.Re1
Rd2 43.b4 Rh4 44.R8e7+ Kc6 45.Rxa7 Rxh3 46.Kg1 Rd5 47.Rg7 Rdh5 48.Kf1 Rh1+ 49.
Rg1 Rxg1+ 50.Kxg1 Rg5+ 51.Kh2 Rg2+ 52.Kh3 Rxf2 53.Kg3 Rc2 54.Ra1 Kb7 55.a6+
Ka7 56.b5 f2 57.Kg2 Rxc3 58.b6+ Ka8 59.Rd1 f1=Q+ 60.Rxf1 Rc2+ 61.Rf2 1-0

[Event "Cto. Autonómico por Equipos 2007"]
[Site "Aragón"]
[Date "2007.02.03"]
[Round "2.47"]
[White "Labena Bernal Antonio"]
[Black "Serrano San Nicolas Angel"]
[Result "0-1"]
[WhiteElo "2037"]
[BlackElo "1805"]

1.e4 d5 2.exd5 Qxd5 3.Nc3 Qa5 4.Bc4 Nf6 5.d3 c6 6.Bd2 Qd8 7.Qe2 g6 8.h4 Bg7 9.
O-O-O b5 10.Bb3 a5 11.a4 bxa4 12.Nxa4 Bf5 13.f3 h5 14.Rf1 Qd6 15.g4 hxg4 16.
fxg4 Be6 17.Bf4 Qb4 18.Bxe6 fxe6 19.Qxe6 Qxa4 20.Bd6 Ra7 21.Nf3 Qxg4 22.Qb3
Nbd7 23.Ng5 Nd5 24.Rhg1 Qd4 25.Bb8 Ra8 26.Bg3 Nc5 27.Qa3 Na4 28.c3 Qe3+ 29.Kc2
Nc5 30.Rd1 Qe2+ 31.Rd2 Ne3+ 32.Kb1 Qxd2 33.Qxc5 Qxd3+ 34.Ka1 Nc2+ 35.Ka2 Nb4+
36.Ka1 Nc2+ 37.Ka2 Qd5+ 38.Qxd5 cxd5 39.Ne6 Kf7 40.Nxg7 Kxg7 41.Be5+ Kh6 42.
Bxh8 Rxh8 43.Rg5 a4 44.Kb1 Ne1 45.Kc1 Rf8 46.Rg4 Rf4 47.Rg5 Rf5 48.Rg4 Nd3+
49.Kc2 Nc5 50.Rb4 Rf2+ 51.Kd1 Nd3 52.Rd4 Nxb2+ 53.Kc1 a3 54.Rxd5 a2 55.Ra5
Nd3+ 0-1

[Event "Cto. Autonómico por Equipos 2007"]
[Site "Aragón"]
[Date "2007.02.03"]
[Round "2.48"]
[White "Cajo Esteban Ruben"]
[Black "Ananos Palacios David"]
[Result "1/2-1/2"]
[WhiteElo "1776"]
[BlackElo "2009"]

1.d4 Nf6 2.Nf3 e6 3.c3 c5 4.e3 d5 5.Nbd2 Nbd7 6.Bd3 Bd6 7.O-O b6 8.e4 cxd4 9.
Nxd4 Bb7 10.Re1 O-O 11.Qc2 Ne5 12.exd5 Nxd3 13.Qxd3 Bxd5 14.Nc4 Bxh2+ 15.Kxh2
Qc7+ 16.Qg3 Qxg3+ 17.Kxg3 Bxc4 18.b3 Bd5 19.f3 Rac8 20.Bb2 Rfd8 21.Rad1 a6
1/2-1/2

[Event "Cto. Autonómico por Equipos 2007"]
[Site "Aragón"]
[Date "2007.02.03"]
[Round "2.49"]
[White "Malo Guillen Jose Luis"]
[Black "Millan Martin Alfonso"]
[Result "1-0"]
[WhiteElo "2198"]
[BlackElo "2127"]

1.d4 c5 2.Nf3 Nf6 3.g3 cxd4 4.Nxd4 Nc6 5.Bg2 e5 6.Nb5 a6 7.Nd6+ Bxd6 8.Qxd6
Qe7 9.Qd1 d5 10.O-O Be6 11.Bg5 d4 12.c3 O-O 13.Bxc6 bxc6 14.cxd4 Rfd8 15.Nc3
exd4 16.Na4 h6 17.Bxf6 Qxf6 18.Nc5 Bh3 19.Re1 Rd5 20.Nd3 g5 21.Rc1 Rf5 22.Qc2
c5 23.f3 h5 24.Nf2 g4 25.Qe4 Rb8 26.f4 h4 27.Nd3 hxg3 28.hxg3 Rh5 29.Rxc5 Rb5
30.Rc6 Qd8 31.Rec1 Qa5 32.Rg6+ fxg6 33.Qxg6+ Kf8 34.Rc8+ 1-0

[Event "Cto. Autonómico por Equipos 2007"]
[Site "Aragón"]
[Date "2007.02.03"]
[Round "2.50"]
[White "Forcen Esteban Daniel"]
[Black "Alonso Blasco Jose Miguel"]
[Result "1-0"]
[WhiteElo "2083"]
[BlackElo "2107"]

1.e4 c6 2.d4 d5 3.Nc3 dxe4 4.Nxe4 Nf6 5.Nxf6+ gxf6 6.Nf3 Bf5 7.g3 Qd5 8.c4
Qe4+ 9.Be3 Nd7 10.Bg2 Qd3 11.Nd2 e5 12.d5 cxd5 13.Bxd5 Bb4 14.a3 Bxd2+ 15.Qxd2
Qxd2+ 16.Kxd2 Be6 17.Bxb7 Rb8 18.Bf3 Bxc4 19.Bxa7 Rxb2+ 20.Kc3 Rb3+ 21.Kxc4
Rxf3 22.Be3 Ke7 23.Kd5 f5 24.h3 Ra8 25.Rhd1 Ra5+ 26.Kc6 Ra6+ 27.Kc7 Nf6 28.
Bc5+ Ke6 29.Kb7 Ne4 30.Kxa6 Nxc5+ 31.Kb6 Na4+ 32.Ka5 Nb2 33.Rdc1 Rxf2 34.Rc3
e4 35.a4 Kd5 36.Kb5 Nd3 37.Rb1 f4 38.gxf4 Nxf4 39.a5 Ne6 40.a6 Ra2 41.Kb6 f5
42.Rb5+ Kd4 43.Rc6 Ng7 44.Rd6+ Ke3 45.a7 Rxa7 46.Kxa7 f4 47.Rd7 Ne6 48.Rxh7
Nd4 49.Rb1 f3 50.Rf7 f2 51.h4 Nf3 52.h5 Ke2 53.h6 1-0

[Event "Cto. Autonómico por Equipos 2007"]
[Site "Aragón"]
[Date "2007.02.03"]
[Round "2.51"]
[White "Artal Alegria Francisco Javier"]
[Black "Antolin Concha Diego"]
[Result "1/2-1/2"]
[WhiteElo "1966"]
[BlackElo "1954"]

1.e4 c5 2.Nf3 Nc6 3.d4 cxd4 4.Nxd4 Nf6 5.Nc3 e5 6.Ndb5 d6 7.Bg5 a6 8.Bxf6 gxf6
9.Na3 b5 10.Nd5 f5 11.Bd3 Be6 12.c4 Bxd5 13.cxd5 Nd4 14.exf5 Qg5 15.g3 Bh6 16.
h4 Qf6 17.g4 Bf4 18.Nc2 Nxc2+ 19.Bxc2 h6 20.a4 Qd8 21.axb5 axb5 22.Ke2 Ke7 23.
Qd3 Qc7 24.f6+ Kxf6 25.g5+ Ke7 26.Qf5 Qc4+ 27.Bd3 Qxd5 28.Qf6+ Kd7 29.Rhd1 e4
30.Qxf4 exd3+ 31.Rxd3 Qe6+ 32.Re3 Qc4+ 33.Qxc4 bxc4 34.Rd1 hxg5 35.hxg5 Rab8
36.Rd2 Rb5 37.Rc3 Rh4 38.Rf3 Ke7 39.Rf6 Re5+ 40.Kd1 d5 41.Re2 Rh1+ 42.Kd2
Rxe2+ 43.Kxe2 Rb1 44.Rb6 c3 45.Kd3 Rxb2 46.Rf6 c2 47.Rc6 Kd7 48.Rxc2 Rxc2 49.
Kxc2 Ke6 50.Kd3 Ke5 51.Ke3 Kf5 52.Kd4 Ke6 53.Kd3 Ke5 54.Ke3 Kf5 55.Kd4 Kxg5
56.Kxd5 Kf4 57.Kd4 f5 58.Kd5 Kg4 59.Ke5 Kf3 1/2-1/2

[Event "Cto. Autonómico por Equipos 2007"]
[Site "Aragón"]
[Date "2007.02.03"]
[Round "2.52"]
[White "Tello Casao Rafael"]
[Black "Tirapo Larcuen Ana"]
[Result "0-1"]
[WhiteElo "1616"]
[BlackElo "1870"]

1.e4 d6 2.d4 Nf6 3.Nc3 g6 4.f3 c6 5.Be3 Nbd7 6.Qd2 Qc7 7.O-O-O b5 8.g4 Bb7 9.
g5 Nh5 10.Bh3 b4 11.Nce2 Nb6 12.Qxb4 a5 13.Qe1 Nc4 14.Ng3 Nxg3 15.hxg3 Qb6 16.
Qc3 Ba6 17.Bf1 d5 18.Bxc4 Bxc4 19.Bf4 e6 20.a3 Be7 21.Qe3 f6 22.Nh3 e5 23.gxf6
exf4 24.Qxf4 Rf8 25.e5 Rb8 26.b4 axb4 27.Ng5 bxa3 28.f7+ Kd8 29.Ne6+ Kc8 30.
Nxf8 Qb2+ 31.Kd2 Bb4+ 32.Ke3 Qc3+ 33.Rd3 Bxd3 0-1